| 000 | 00408nam a22001577a 4500 | ||
|---|---|---|---|
| 005 | 20251108164255.0 | ||
| 008 | 250721s1991 xx 000 0 ara d | ||
| 082 | 1 | 4 | _a794.1/عما |
| 100 | 1 | _aأمين، عماد | |
| 245 | 1 | 0 |
_aالشطرنج : _bفنه و أصوله / |
| 264 | 1 |
_aعمان : _bالمؤلف، _c1991. |
|
| 300 | _a128ص | ||
| 650 | 1 | 7 | _aالشطرنج |
| 942 |
_2ddc _cBK |
||
| 999 |
_c8077 _d8077 |
||